[Event "Héviz IM"]
[Site "Hévíz"]
[Date "2015.10.08"]
[Round "7"]
[White "Habibi, Ali"]
[Black "Gorcsi, Gabor"]
[Result "1/2-1/2"]
[WhiteElo "2246"]
[BlackElo "2220"]
[PlyCount "54"]
[EventDate "2015.10.02"]
[EventType "tourn"]
[EventRounds "9"]
[EventCountry "HUN"]
[EventCategory "2"]

1. Nf3 g6 2. g3 Bg7 3. Bg2 Nf6 4. O-O O-O 5. d3 c5 6. c3 Nc6 7. Qa4 d6 8. Qh4
Bd7 9. h3 Rb8 10. Bh6 b5 11. Nbd2 Re8 12. e4 Bh8 13. g4 Qb6 14. Kh1 b4 15. c4
b3 16. axb3 Nb4 17. Ne1 Bc6 18. f4 Nd7 19. Rb1 Qa5 20. f5 Bf6 21. Qg3 Kh8 22.
fxg6 fxg6 23. h4 Ne5 24. Bh3 Qa2 25. Bg2 Bd7 26. Bh3 Qa6 27. d4 cxd4 1/2-1/2

[Event "Héviz IM"]
[Site "Hévíz"]
[Date "2015.10.08"]
[Round "7"]
[White "Radnai, Adam"]
[Black "Ianov, Viktor"]
[Result "1/2-1/2"]
[WhiteElo "2327"]
[BlackElo "2312"]
[PlyCount "136"]
[EventDate "2015.10.02"]
[EventType "tourn"]
[EventRounds "9"]
[EventCountry "HUN"]
[EventCategory "2"]

1. e4 d6 2. d4 Nf6 3. Nc3 e5 4. Nf3 Nbd7 5. Bc4 Be7 6. a4 O-O 7. O-O c6 8. Ba2
b6 9. Re1 a6 10. Nh4 exd4 11. Qxd4 Nc5 12. Nf5 Bxf5 13. exf5 d5 14. Be3 a5 15.
f3 Re8 16. Rad1 h6 17. Kh1 Qc8 18. g4 Ra7 19. Qd2 Nh7 20. Qf2 Bf8 21. Bd4 Rae7
22. Rg1 Rd7 23. b3 Qa6 24. Rg2 Rde7 25. h4 Qc8 26. Rdg1 Rb7 27. Ne2 Bd6 28. Ng3
f6 29. Qd2 Rf7 30. Nh5 Qc7 31. Bb1 Kf8 32. Be3 Ke7 33. Nf4 Kd8 34. Bxc5 Bxf4
35. Bxb6 Bxd2 36. Bxc7+ Kxc7 37. Rxd2 Re3 38. Kg2 Rfe7 39. Kf2 Nf8 40. Rc1 Nd7
41. c3 Nc5 42. Rb2 R3e5 43. b4 axb4 44. cxb4 Nxa4 45. Rbc2 Kb7 46. Rxc6 Re2+
47. Kg3 Rb2 48. Bd3 Rxb4 49. Ba6+ Kb8 50. Re6 Rf7 51. Re8+ Ka7 52. Bc8 Rc4 53.
Ra1 Kb6 54. Be6 Ra7 55. Bxd5 Rcc7 56. Bb3 Nc5 57. Rb8+ Rab7 58. Rxb7+ Rxb7 59.
Be6 Re7 60. Bd5 Re5 61. Rd1 Kc7 62. Bc4 Re3 63. Kf4 Rc3 64. Bf1 Ra3 65. Rd4 Ra4
66. Rxa4 Nxa4 67. g5 hxg5+ 68. hxg5 Kd6 1/2-1/2

[Event "Héviz IM"]
[Site "Hévíz"]
[Date "2015.10.09"]
[Round "8"]
[White "Vegh, Endre"]
[Black "Ianov, Viktor"]
[Result "1/2-1/2"]
[WhiteElo "2259"]
[BlackElo "2312"]
[PlyCount "24"]
[EventDate "2015.10.02"]
[EventType "tourn"]
[EventRounds "9"]
[EventCountry "HUN"]
[EventCategory "2"]

1. d4 d6 2. e4 Nf6 3. Nc3 e5 4. dxe5 dxe5 5. Qxd8+ Kxd8 6. Bc4 Be6 7. Bxe6 fxe6
8. f3 Bd6 9. Be3 Ke7 10. Nh3 a6 11. O-O-O Nbd7 12. Nf2 b5 1/2-1/2

[Event "Héviz IM"]
[Site "Hévíz"]
[Date "2015.10.09"]
[Round "8"]
[White "Gorcsi, Gabor"]
[Black "Radnai, Adam"]
[Result "1/2-1/2"]
[WhiteElo "2220"]
[BlackElo "2327"]
[PlyCount "68"]
[EventDate "2015.10.02"]
[EventType "tourn"]
[EventRounds "9"]
[EventCountry "HUN"]
[EventCategory "2"]

1. Nf3 d5 2. c4 d4 3. e3 Nc6 4. exd4 Nxd4 5. Nxd4 Qxd4 6. Be2 e5 7. O-O Ne7 8.
d3 Nf5 9. Nd2 Be7 10. Nf3 Qd6 11. Bd2 c5 12. Bc3 f6 13. Nd2 O-O 14. Qc2 Be6 15.
Ne4 Qd7 16. Ng3 Nd4 17. Bxd4 cxd4 18. Bf3 Rab8 19. a3 a5 20. b3 Rfc8 21. Qd2
Qc7 22. b4 Ra8 23. Rfb1 axb4 24. axb4 Bd7 25. b5 Be6 26. Qe1 Bc5 27. Qe4 Rxa1
28. Rxa1 Rb8 29. Bg4 Bf7 30. Qf3 Qd8 31. Ne4 Be7 32. Qh3 Qb6 33. Bf3 Rd8 34. g4
g6 1/2-1/2

[Event "Héviz IM"]
[Site "Hévíz"]
[Date "2015.10.09"]
[Round "8"]
[White "Papp, Petra"]
[Black "Habibi, Ali"]
[Result "1/2-1/2"]
[WhiteElo "2286"]
[BlackElo "2246"]
[PlyCount "44"]
[EventDate "2015.10.02"]
[EventType "tourn"]
[EventRounds "9"]
[EventCountry "HUN"]
[EventCategory "2"]

1. e4 c5 2. Nf3 a6 3. c4 d6 4. d4 cxd4 5. Nxd4 Qc7 6. Nc3 e6 7. Be3 Nf6 8. Be2
Be7 9. O-O O-O 10. f3 b6 11. Qd2 Nbd7 12. Rfc1 Bb7 13. Rab1 Rac8 14. b4 Rfe8
15. Na4 Qb8 16. Kh1 Qa8 17. Bf1 g6 18. Nb3 Qb8 19. Qf2 d5 20. exd5 exd5 21. c5
b5 22. Nc3 Ne5 1/2-1/2

[Event "Héviz IM"]
[Site "Hévíz"]
[Date "2015.10.09"]
[Round "8"]
[White "Hardicsay, Peter"]
[Black "Takacs, Balazs"]
[Result "1/2-1/2"]
[WhiteElo "2254"]
[BlackElo "2392"]
[PlyCount "55"]
[EventDate "2015.10.02"]
[EventType "tourn"]
[EventRounds "9"]
[EventCountry "HUN"]
[EventCategory "2"]

1. c4 Nf6 2. Nc3 c5 3. Nf3 e6 4. g3 b6 5. Bg2 Bb7 6. O-O Be7 7. Re1 O-O 8. e4
d6 9. d4 cxd4 10. Nxd4 Qc8 11. b3 a6 12. Bb2 Nbd7 13. Qe2 Rd8 14. Rac1 Bf8 15.
Nd5 Re8 16. Nxf6+ Nxf6 17. h3 Qc7 18. g4 Nd7 19. Kh1 Rad8 20. Qe3 Qb8 21. Qg3
Qa8 22. Rcd1 Nc5 23. f3 Rc8 24. Re2 b5 25. cxb5 axb5 26. a3 d5 27. e5 Ba6 28.
Red2 1/2-1/2

[Event "Héviz IM"]
[Site "Hévíz"]
[Date "2015.10.10"]
[Round "9"]
[White "Sergeev, Vladimir"]
[Black "Hardicsay, Peter"]
[Result "1/2-1/2"]
[WhiteElo "2446"]
[BlackElo "2254"]
[PlyCount "93"]
[EventDate "2015.10.02"]
[EventType "tourn"]
[EventRounds "9"]
[EventCountry "HUN"]
[EventCategory "2"]

1. c4 e6 2. g3 d5 3. Bg2 c6 4. Qc2 Nd7 5. d4 Ngf6 6. Nf3 Be7 7. O-O O-O 8. Nbd2
b6 9. e4 Bb7 10. Ng5 h6 11. Nh3 dxe4 12. Nxe4 Nxe4 13. Qxe4 Nf6 14. Qe5 Qd7 15.
b3 Rad8 16. Bb2 c5 17. Rad1 Bxg2 18. Kxg2 Qb7+ 19. f3 cxd4 20. Bxd4 Rd7 21. Nf2
Rfd8 22. Rd3 b5 23. cxb5 Rd5 24. Qe3 Qxb5 25. Rfd1 a6 26. Bxf6 Bxf6 27. Qe4
Rxd3 28. Rxd3 Rc8 29. Rd2 g6 30. Rd1 h5 31. Rd2 Kg7 32. Rc2 Rxc2 33. Qxc2 Bd4
34. Ne4 Be5 35. a4 Qd5 36. Qc5 Bd4 37. Qxd5 exd5 38. Ng5 Bc3 39. f4 Kf6 40. Kf3
a5 41. Ke2 Bb4 42. Ke3 Bc5+ 43. Kd3 Ke7 44. Nf3 f6 45. h3 Bf2 46. g4 hxg4 47.
hxg4 1/2-1/2

[Event "Héviz IM"]
[Site "Hévíz"]
[Date "2015.10.10"]
[Round "9"]
[White "Radnai, Adam"]
[Black "Papp, Petra"]
[Result "1/2-1/2"]
[WhiteElo "2327"]
[BlackElo "2290"]
[PlyCount "35"]
[EventDate "2015.10.02"]
[EventType "tourn"]
[EventRounds "9"]
[EventCountry "HUN"]
[EventCategory "2"]

1. Nf3 c5 2. g3 Nc6 3. Bg2 g6 4. c3 Bg7 5. d4 cxd4 6. cxd4 d5 7. Nc3 Nf6 8. Ne5
O-O 9. O-O Nxe5 10. dxe5 Ng4 11. Nxd5 Nxe5 12. Bg5 Nc6 13. Nxe7+ Nxe7 14. Qxd8
Rxd8 15. Bxe7 Re8 16. Ba3 Rxe2 17. Rfe1 Rxe1+ 18. Rxe1 1/2-1/2